[Event "29th Open"]
[Site "Cappelle la Grande FRA"]
[Date "2013.02.23"]
[Round "1.1"]
[White "Caprio, Guido"]
[Black "Sasikiran, Krishnan"]
[Result "1/2-1/2"]
[WhiteTitle "IM"]
[BlackTitle "GM"]
[WhiteElo "2402"]
[BlackElo "2677"]
[WhiteFideId "834580"]
[BlackFideId "5004985"]
[EventDate "2013.02.23"]

1. d4 Nf6 2. c4 e6 3. Nc3 Bb4 4. e3 O-O 5. Bd3 d5 6. Nf3 b6 7. O-O Bb7 8. cxd5
exd5 9. a3 Bd6 10. b4 a6 11. Qb3 Qe7 12. Rb1 Rd8 13. h3 Nbd7 14. Nd2 Nf8 15. a4
Ng6 16. b5 a5 17. Ra1 Nh4 18. Re1 Ne4 19. Bf1 Qg5 20. Ndxe4 dxe4 21. Kh1 Rd7 22.
Ba3 Re8 23. Rec1 Qf5 24. Ra2 h5 25. Rac2 Kh7 26. Bc4 Bxa3 27. Qxa3 Rxd4 28. exd4
e3 29. d5 exf2 30. Bf1 Re3 31. Qb2 Rxh3+ 32. gxh3 Qf3+ 33. Kh2 Qf4+ 34. Kh1 Qf3+ 1/2-1/2

[Event "29th Open"]
[Site "Cappelle la Grande FRA"]
[Date "2013.02.23"]
[Round "1.2"]
[White "Gharamian, Tigran"]
[Black "Butnorius, Algimantas"]
[Result "1-0"]
[WhiteTitle "GM"]
[BlackTitle "GM"]
[WhiteElo "2661"]
[BlackElo "2400"]
[WhiteFideId "13301527"]
[BlackFideId "12800066"]
[EventDate "2013.02.23"]

1. e4 e5 2. Nf3 Nc6 3. Bb5 a6 4. Ba4 Nf6 5. O-O Be7 6. d3 d6 7. c3 O-O 8. Re1 b5
9. Bc2 Re8 10. h3 Bf8 11. Nbd2 Ne7 12. d4 Ng6 13. Nf1 Bb7 14. Ng3 h6 15. a4 c6
16. Be3 Qc7 17. axb5 axb5 18. Rxa8 Rxa8 19. Nh2 Re8 20. Ng4 Nxg4 21. hxg4 Bc8
22. Nf5 Be6 23. g5 hxg5 24. Bxg5 Qd7 25. dxe5 dxe5 26. Qf3 c5 27. g3 Qc6 28. Kg2
c4 29. Rh1 Bxf5 30. Qxf5 Qe6 31. Qf3 f6 32. Be3 Kf7 33. Rh7 Rd8 34. Bd1 Kg8 35.
Rh1 Be7 36. Qh5 Rxd1 37. Rxd1 Nf8 38. Qe8 Qg4 39. f3 Qe6 40. Qxb5 1-0

[Event "29th Open"]
[Site "Cappelle la Grande FRA"]
[Date "2013.02.23"]
[Round "1.3"]
[White "Sequera Paolini, Jose"]
[Black "Iturrizaga, Eduardo"]
[Result "1-0"]
[WhiteTitle "IM"]
[BlackTitle "GM"]
[WhiteElo "2396"]
[BlackElo "2646"]
[WhiteFideId "3900304"]
[BlackFideId "3901211"]
[EventDate "2013.02.23"]

1. e4 g6 2. d4 Bg7 3. Nc3 d6 4. Be3 c6 5. Qd2 b5 6. a4 b4 7. Na2 a5 8. c3 Nf6 9.
f3 bxc3 10. Nxc3 Na6 11. Nh3 Bxh3 12. gxh3 O-O 13. Bg2 Nd7 14. O-O Rb8 15. f4 e6
16. f5 exf5 17. exf5 d5 18. Kh1 Re8 19. Bg5 Qb6 20. f6 Bf8 21. Rf2 Qb4 22. h4
Nb6 23. h5 Nc4 24. Qf4 Nxb2 25. Rf3 c5 26. hxg6 hxg6 27. Nxd5 Qxd4 28. Ne7+ Bxe7
29. fxe7 Qxf4 30. Rxf4 Nd3 31. Rh4 Rb6 32. Bd5 Nc7 33. Bxf7+ Kxf7 34. Rf1+ Kg7
35. Bh6+ Kh7 36. Rf7+ Kg8 37. Rf8+ Kh7 38. Bd2+ 1-0

[Event "29th Open"]
[Site "Cappelle la Grande FRA"]
[Date "2013.02.23"]
[Round "1.4"]
[White "Sjugirov, Sanan"]
[Black "Massoni, Michael"]
[Result "1-0"]
[WhiteTitle "GM"]
[BlackTitle "FM"]
[WhiteElo "2646"]
[BlackElo "2395"]
[WhiteFideId "4189302"]
[BlackFideId "654213"]
[EventDate "2013.02.23"]

1. e4 c5 2. Nf3 d6 3. d4 cxd4 4. Qxd4 a6 5. c4 Nc6 6. Qe3 Nf6 7. h3 e6 8. Be2
Be7 9. O-O Qc7 10. Nc3 O-O 11. Rd1 b6 12. b3 Bb7 13. Ba3 Rfe8 14. Rac1 Bf8 15.
Bb2 Rad8 16. Nd5 Nxd5 17. cxd5 exd5 18. Rxd5 Qe7 19. Qxb6 Qxe4 20. Qxb7 Na5 21.
Qxf7+ 1-0

[Event "29th Open"]
[Site "Cappelle la Grande FRA"]
[Date "2013.02.23"]
[Round "1.5"]
[White "Berg, Klaus"]
[Black "Fedorchuk, Sergey A."]
[Result "1-0"]
[WhiteTitle "IM"]
[BlackTitle "GM"]
[WhiteElo "2390"]
[BlackElo "2643"]
[WhiteFideId "1400053"]
[BlackFideId "14102536"]
[EventDate "2013.02.23"]

1. g3 e5 2. Bg2 d5 3. d3 Nc6 4. Nf3 Be6 5. O-O h6 6. c4 e4 7. Nfd2 exd3 8. exd3
Nf6 9. Qb3 Rb8 10. Nc3 dxc4 11. dxc4 Be7 12. Nde4 O-O 13. Be3 Nd4 14. Qd1 Nxe4
15. Bxe4 Nf5 16. Bxf5 Bxf5 17. Qf3 Bh3 18. Rfe1 Qd7 19. Nd5 Rbe8 20. Bxh6 Bd8
21. Bf4 c6 22. Ne3 g5 23. Rad1 Qe6 24. Bd6 g4 25. Qf4 Bf6 26. Bxf8 Kxf8 27. Rd6 1-0

[Event "29th Open"]
[Site "Cappelle la Grande FRA"]
[Date "2013.02.23"]
[Round "1.6"]
[White "Negi, Parimarjan"]
[Black "Manea, Alexandru"]
[Result "1-0"]
[WhiteTitle "GM"]
[BlackTitle "IM"]
[WhiteElo "2638"]
[BlackElo "2386"]
[WhiteFideId "5016690"]
[BlackFideId "1207660"]
[EventDate "2013.02.23"]

1. e4 c5 2. Nf3 e6 3. d4 cxd4 4. Nxd4 Nc6 5. Nc3 Qc7 6. g3 a6 7. Bg2 d6 8. O-O
Bd7 9. Nxc6 Bxc6 10. a4 Nf6 11. Be3 Be7 12. f4 O-O 13. g4 b5 14. g5 Nd7 15. Qh5
b4 16. Ne2 Qb7 17. Ng3 Rae8 18. f5 exf5 19. Nxf5 Ne5 20. Rf4 f6 21. Rh4 h6 22.
Nxh6+ gxh6 23. Qxh6 Bd8 24. Qh8+ Kf7 25. Qh7+ 1-0

[Event "29th Open"]
[Site "Cappelle la Grande FRA"]
[Date "2013.02.23"]
[Round "1.7"]
[White "Nakar, Eylon"]
[Black "Sumets, Andrey"]
[Result "1-0"]
[WhiteTitle "IM"]
[BlackTitle "GM"]
[WhiteElo "2385"]
[BlackElo "2632"]
[WhiteFideId "2811111"]
[BlackFideId "14105500"]
[EventDate "2013.02.23"]

1. e4 c6 2. d4 d5 3. Nd2 dxe4 4. Nxe4 Bf5 5. Ng3 Bg6 6. h4 h6 7. h5 Bh7 8. Nf3
e6 9. Bd3 Bxd3 10. Qxd3 Nf6 11. Bd2 Be7 12. O-O-O O-O 13. Kb1 c5 14. Ne4 cxd4
15. Nxd4 Nbd7 16. Bc1 Qb6 17. Nxf6+ Nxf6 18. f3 Rfd8 19. Qb3 Bc5 20. Qxb6 Bxb6
21. Nb5 Rxd1 22. Rxd1 a6 23. Nd6 Rd8 24. Rd3 Nxh5 25. Nxb7 Rxd3 26. cxd3 f5 27.
a4 Kf8 28. a5 Bd4 29. Nd8 e5 30. Nc6 Nf6 31. f4 Nd7 32. b4 Bf2 33. fxe5 Kf7 34.
Bb2 g5 35. Bd4 Bxd4 36. Nxd4 Nxe5 37. b5 axb5 38. a6 Nd7 39. Nxf5 h5 40. Nd6+
Ke6 41. Nc8 1-0

[Event "29th Open"]
[Site "Cappelle la Grande FRA"]
[Date "2013.02.23"]
[Round "1.8"]
[White "Azarov, Sergei"]
[Black "Pulvett, Daniel"]
[Result "1-0"]
[WhiteTitle "GM"]
[BlackTitle "IM"]
[WhiteElo "2627"]
[BlackElo "2385"]
[WhiteFideId "13501470"]
[BlackFideId "3900410"]
[EventDate "2013.02.23"]

1. e4 c5 2. Nf3 d6 3. d4 cxd4 4. Nxd4 Nf6 5. Nc3 a6 6. Bg5 e6 7. f4 Be7 8. Qf3
h6 9. Bh4 g5 10. fxg5 Nfd7 11. Qh5 Ne5 12. Bg3 Bxg5 13. Nf3 Qf6 14. Nxg5 hxg5
15. Qd1 Ke7 16. Qd2 Nbc6 17. O-O-O Rd8 18. h4 b5 19. hxg5 Qg7 20. Be2 Nd4 21. g6
Nxe2+ 22. Nxe2 Nc4 23. Qd4 e5 24. Qd5 Qxg6 25. Bh4+ f6 26. Qxa8 Bg4 27. Qa7+ Rd7
28. Qf2 1-0

[Event "29th Open"]
[Site "Cappelle la Grande FRA"]
[Date "2013.02.23"]
[Round "1.10"]
[White "Rozentalis, Eduardas"]
[Black "Zawadzka, Jolanta"]
[Result "1-0"]
[WhiteTitle "GM"]
[BlackTitle "WGM"]
[WhiteElo "2613"]
[BlackElo "2374"]
[WhiteFideId "12800023"]
[BlackFideId "1122320"]
[EventDate "2013.02.23"]

1. e4 e5 2. Nf3 Nc6 3. Bb5 a6 4. Bxc6 dxc6 5. d3 Qd6 6. Be3 f6 7. Nbd2 Be6 8. d4
exd4 9. Nxd4 O-O-O 10. Nxe6 Qxe6 11. Qe2 Bd6 12. f4 Re8 13. O-O Nh6 14. a3 Rhg8
15. Rae1 g5 16. f5 Qe5 17. Qh5 Nf7 18. Qxf7 Qxh2+ 19. Kf2 Rgf8 20. Qc4 Bg3+ 21.
Ke2 Bxe1 22. Kxe1 Qg3+ 23. Bf2 Qxg2 24. Rg1 Qh2 25. Qc5 Qd6 26. Qa7 Qe5 27. Rg3
Rd8 28. Qa8+ Kd7 29. Qxb7 Ke7 30. Qxc6 Kf7 31. Rc3 Kg8 32. Qxa6 Qf4 33. Rd3 Rxd3
34. cxd3 g4 35. Qc4+ Kg7 36. Nf1 1-0

[Event "29th Open"]
[Site "Cappelle la Grande FRA"]
[Date "2013.02.23"]
[Round "1.11"]
[White "Petre, Nad-Titus"]
[Black "Timofeev, Artyom"]
[Result "0-1"]
[WhiteTitle "IM"]
[BlackTitle "GM"]
[WhiteElo "2374"]
[BlackElo "2613"]
[WhiteFideId "1204165"]
[BlackFideId "4140419"]
[EventDate "2013.02.23"]

1. d4 Nf6 2. Nf3 g6 3. Bf4 Bg7 4. e3 O-O 5. Be2 c5 6. c3 b6 7. Nbd2 Bb7 8. h3 d6
9. O-O cxd4 10. cxd4 Nbd7 11. Qb3 Rc8 12. Rfc1 Rc7 13. a4 a5 14. Ne1 Nd5 15. Bg3
Nb4 16. Nd3 Bd5 17. Qd1 Nxd3 18. Bxd3 Nf6 19. Bc4 Qc8 20. Qf1 Bb7 21. Be2 Nd5
22. Rxc7 Qxc7 23. Rc1 Qb8 24. Ba6 Ba8 25. Bh4 h6 26. Bd3 Rc8 27. Be4 Kf8 28. Bg3
Bb7 29. Kh2 h5 30. Rxc8+ Qxc8 31. Qb5 Bc6 32. Qb3 Nb4 33. Qc3 Qd7 34. Bxc6 Nxc6
35. Qc4 Nb4 36. b3 Kg8 37. h4 Bh6 38. Qb5 Qxb5 39. axb5 Nd5 40. Nc4 f5 41. Kg1
Kf7 42. Kf1 Ke6 43. Ke2 Kd7 44. f3 Kc7 45. Be1 Kb7 46. Bd2 Nc7 47. Na3 e6 48. e4
Bf8 49. b4 d5 50. Nc2 a4 51. exf5 exf5 52. Na3 Ne6 53. Nc2 Be7 54. g3 f4 55. Be1
fxg3 56. Bxg3 Ng7 0-1

[Event "29th Open"]
[Site "Cappelle la Grande FRA"]
[Date "2013.02.23"]
[Round "1.12"]
[White "Svetushkin, Dmitry"]
[Black "Loiseau, Quentin"]
[Result "0-1"]
[WhiteTitle "GM"]
[BlackTitle "FM"]
[WhiteElo "2612"]
[BlackElo "2374"]
[WhiteFideId "13900463"]
[BlackFideId "665274"]
[EventDate "2013.02.23"]

1. d4 Nf6 2. c4 c5 3. d5 e6 4. Nc3 exd5 5. cxd5 d6 6. e4 g6 7. Nge2 Bg7 8. Ng3
O-O 9. Be2 b6 10. O-O Ba6 11. Bf4 Re8 12. Re1 h5 13. Bg5 Qd7 14. f4 Ng4 15. e5
dxe5 16. f5 Bxe2 17. Qxe2 e4 18. h3 Bd4+ 19. Kh1 Nf2+ 20. Kh2 e3 21. Qc2 Na6 22.
a3 f6 23. Bh6 h4 24. Nf1 g5 25. Kg1 Kh7 26. Qe2 Kxh6 27. Qxa6 Qxf5 28. Qe2 Nd3
29. Nh2 Nxe1 30. Ng4+ Kg7 31. Rxe1 Qf2+ 0-1

[Event "29th Open"]
[Site "Cappelle la Grande FRA"]
[Date "2013.02.24"]
[Round "2.1"]
[White "Ulibin, Mikhail"]
[Black "Gharamian, Tigran"]
[Result "0-1"]
[WhiteTitle "GM"]
[BlackTitle "GM"]
[WhiteElo "2521"]
[BlackElo "2661"]
[WhiteFideId "4101405"]
[BlackFideId "13301527"]
[EventDate "2013.02.23"]

1. d4 Nf6 2. c4 e6 3. g3 c5 4. d5 exd5 5. cxd5 d6 6. Nc3 g6 7. Nf3 Bg7 8. Bg2
O-O 9. O-O Re8 10. Bf4 Na6 11. Nd2 Nh5 12. Be3 Nc7 13. Nc4 b5 14. Na5 b4 15. Nc6
Qd7 16. Na4 Nf6 17. Nxc5 dxc5 18. d6 Ncd5 19. Bg5 Bb7 20. Na5 Ne4 21. Nxb7 Qxb7
22. Qd3 Ndf6 23. Rac1 Rad8 24. Bxf6 Bxf6 25. Rc4 Rxd6 26. Rxe4 Qxe4 27. Qxd6 Qd4
28. Qa6 Qxb2 29. Qxa7 Rxe2 30. Bd5 Be7 31. Bc4 Re5 32. Qd7 Kg7 33. Qe8 f5 34.
Qg8+ Kh6 35. Qh8 Re2 36. Qe8 Re4 37. Bd5 Re5 38. Qh8 Re2 39. Qb8 Qd4 40. Bf3
Rxa2 41. Qb7 Bd6 42. Bd5 c4 43. Qb5 Rxf2 44. Qxc4 Qxc4 45. Bxc4 Rd2 46. Rf3 Bc5+
47. Kh1 Kg5 48. h3 h6 49. Bb3 Kf6 50. Bc4 Ke5 51. Bf7 g5 52. Bg6 f4 53. h4 Be3
54. hxg5 hxg5 55. gxf4+ gxf4 56. Rh3 b3 57. Rh5+ Kf6 58. Be4 Rd4 59. Bf3 Rb4 0-1

[Event "29th Open"]
[Site "Cappelle la Grande FRA"]
[Date "2013.02.24"]
[Round "2.2"]
[White "Ninov, Nikolai"]
[Black "Sjugirov, Sanan"]
[Result "1/2-1/2"]
[WhiteTitle "GM"]
[BlackTitle "GM"]
[WhiteElo "2520"]
[BlackElo "2646"]
[WhiteFideId "2900424"]
[BlackFideId "4189302"]
[EventDate "2013.02.23"]

1. e4 c5 2. Nf3 d6 3. d4 cxd4 4. Nxd4 Nf6 5. Nc3 a6 6. Be2 e5 7. Nb3 Be7 8. Bg5
Nbd7 9. a4 h6 10. Bh4 O-O 11. O-O b6 12. Bc4 Bb7 13. Qd3 Qc7 14. Bxf6 Nxf6 15.
Nd2 Rfc8 16. Rfd1 Bf8 17. Bb3 Bc6 18. Nf1 Qb7 19. f3 b5 20. axb5 axb5 21. Ne3
Ra6 22. Rxa6 Qxa6 23. Ncd5 Nxd5 24. Bxd5 Bxd5 1/2-1/2

[Event "29th Open"]
[Site "Cappelle la Grande FRA"]
[Date "2013.02.24"]
[Round "2.3"]
[White "Popilski, Gil"]
[Black "Negi, Parimarjan"]
[Result "1/2-1/2"]
[WhiteTitle "GM"]
[BlackTitle "GM"]
[WhiteElo "2518"]
[BlackElo "2638"]
[WhiteFideId "2809060"]
[BlackFideId "5016690"]
[EventDate "2013.02.23"]

1. e4 c5 2. Nf3 d6 3. d4 cxd4 4. Nxd4 Nf6 5. Nc3 a6 6. g3 e6 7. Bg2 Qc7 8. O-O
Be7 9. Be3 O-O 10. a4 Nc6 11. Nb3 b6 12. g4 Bb7 13. g5 Nd7 14. f4 Rfe8 15. Qh5
g6 16. Qh3 Bf8 17. Rf2 Na5 18. Raf1 Nc4 19. Bc1 Bg7 20. f5 Nde5 21. Rf4 Qd8 22.
Nd4 exf5 23. exf5 Qxg5 24. Ne4 Bxe4 25. Rxe4 Qd8 26. Rh4 h5 27. Bd5 Ra7 28. c3
Bf6 29. fxg6 Bxh4 30. gxf7+ Rxf7 31. Nc6 Qc8 32. Qxh4 Qg4+ 33. Qxg4+ hxg4 34.
Kg2 Rf8 35. b3 Nxc6 36. Bxc4 Ne5 37. Bxf7+ Rxf7 38. Rf4 b5 39. axb5 axb5 40. Rd4
Rc7 41. Ba3 Rxc3 42. Bxd6 Rc2+ 43. Kg3 Rc3+ 44. Kg2 Rc2+ 1/2-1/2

[Event "29th Open"]
[Site "Cappelle la Grande FRA"]
[Date "2013.02.24"]
[Round "2.4"]
[White "Gabuzyan, Hovhannes"]
[Black "Azarov, Sergei"]
[Result "1/2-1/2"]
[WhiteTitle "GM"]
[BlackTitle "GM"]
[WhiteElo "2517"]
[BlackElo "2627"]
[WhiteFideId "13303732"]
[BlackFideId "13501470"]
[EventDate "2013.02.23"]

1. d4 d5 2. c4 e6 3. Nf3 Nf6 4. g3 Be7 5. Bg2 O-O 6. O-O dxc4 7. Qc2 a6 8. a4
Bd7 9. Qxc4 Bc6 10. Bg5 Bd5 11. Qd3 c5 12. Nc3 Bc6 13. Rfd1 Qa5 14. Ne5 Bxg2 15.
Kxg2 cxd4 16. Qxd4 Rd8 17. Qc4 Qxe5 18. Rxd8+ Bxd8 19. Bf4 Qa5 20. Qc8 Qb6 21.
f3 g5 22. a5 Nc6 23. Qxa8 Qxb2 24. Bxg5 Kg7 25. Rd1 Qxc3 26. Rxd8 Nxd8 27. Qxd8
Nd5 28. e4 Ne3+ 29. Kh3 h6 30. Be7 Qb2 31. Qf8+ Kg6 32. Qg8+ Qg7 33. Qc8 Qb2 34.
Qg8+ Qg7 35. Qc8 1/2-1/2

[Event "29th Open"]
[Site "Cappelle la Grande FRA"]
[Date "2013.02.24"]
[Round "2.6"]
[White "Kiselev, Vitaliy2"]
[Black "Rozentalis, Eduardas"]
[Result "1/2-1/2"]
[WhiteTitle "GM"]
[BlackTitle "GM"]
[WhiteElo "2517"]
[BlackElo "2613"]
[WhiteFideId "4194128"]
[BlackFideId "12800023"]
[EventDate "2013.02.23"]

1. d4 Nf6 2. c4 e6 3. Nf3 Bb4+ 4. Bd2 c5 5. Bxb4 cxb4 6. g3 O-O 7. Bg2 d6 8. O-O
Qc7 9. Qb3 Nc6 10. a3 a5 11. axb4 Nxb4 12. Nc3 Bd7 13. Nd2 Rac8 14. Na2 Nc6 15.
Bxc6 bxc6 16. Nc3 c5 17. dxc5 Qxc5 18. Qa3 1/2-1/2

[Event "29th Open"]
[Site "Cappelle la Grande FRA"]
[Date "2013.02.24"]
[Round "2.7"]
[White "Timofeev, Artyom"]
[Black "Kanep, Meelis"]
[Result "1-0"]
[WhiteTitle "GM"]
[BlackTitle "GM"]
[WhiteElo "2613"]
[BlackElo "2508"]
[WhiteFideId "4140419"]
[BlackFideId "4501047"]
[EventDate "2013.02.23"]

1. d4 d5 2. c4 e6 3. Nc3 Be7 4. cxd5 exd5 5. Bf4 Nf6 6. e3 Bf5 7. Qb3 Nc6 8. Nf3
Na5 9. Qa4+ c6 10. Be2 O-O 11. Ne5 Nd7 12. Nxd7 b5 13. Qd1 Qxd7 14. O-O Nc4 15.
b3 Na3 16. Rc1 a5 17. Bd3 Rac8 18. Qe2 Rfe8 19. h3 h6 20. Bg3 Bf8 21. Rfd1 Qe6
22. Bxf5 Qxf5 23. Qg4 Qxg4 24. hxg4 f6 25. Kf1 Ra8 26. Ke2 Re6 27. Kd3 a4 28.
Ne2 Ra6 29. Nf4 Re8 30. Ng6 Bb4 31. Nh4 Bf8 32. f3 Kf7 33. Nf5 axb3 34. axb3 Rd8
35. Be1 b4 36. Ra1 g6 37. Ng3 Rda8 38. Bd2 Nb5 39. Rxa6 Rxa6 40. Rc1 Ke6 41. Ne2
Kd7 42. Rc2 Nc7 43. Nc1 Kc8 44. Ke2 Rb6 45. Nd3 Kb7 46. Nc5+ Kc8 47. Rc1 Rb5 48.
Nd3 Kb7 49. Ra1 Na6 50. Nf4 g5 51. Ne6 Bd6 52. Nd8+ Kb6 53. Nxc6 Kxc6 54. Rxa6+
Rb6 55. Ra7 Rb7 56. Ra8 Bb8 57. Ra6+ 1-0

[Event "29th Open"]
[Site "Cappelle la Grande FRA"]
[Date "2013.02.24"]
[Round "2.8"]
[White "Glud, Jakob Vang"]
[Black "Zhigalko, Andrey"]
[Result "1/2-1/2"]
[WhiteTitle "IM"]
[BlackTitle "GM"]
[WhiteElo "2514"]
[BlackElo "2588"]
[WhiteFideId "1407767"]
[BlackFideId "13502247"]
[EventDate "2013.02.23"]

1. c4 e5 2. g3 Nf6 3. Bg2 c6 4. d4 exd4 5. Qxd4 Na6 6. Nf3 Bc5 7. Qe5+ Be7 8.
O-O O-O 9. Nc3 Re8 10. Qf4 Nc5 11. Rd1 d6 12. Nd4 Ne6 13. Qd2 Qa5 14. h3 Nxd4
15. Qxd4 Be6 16. Bd2 Qa6 17. b3 d5 18. cxd5 Nxd5 19. Nxd5 Bxd5 20. Bxd5 cxd5 21.
Qxd5 Bf6 22. Rac1 Rad8 23. Qa5 Qxa5 24. Bxa5 Rxd1+ 25. Rxd1 Rxe2 26. Bd2 Kf8 27.
Kf1 Re6 28. Be3 Ke8 29. Rd5 a6 30. Ke2 Bd8 31. Kd3 Bb6 32. Bxb6 Rxb6 33. Kd4 1/2-1/2

[Event "29th Open"]
[Site "Cappelle la Grande FRA"]
[Date "2013.02.24"]
[Round "2.9"]
[White "Vorobiov, Evgeny E."]
[Black "Indjic, Aleksandar"]
[Result "0-1"]
[WhiteTitle "GM"]
[BlackTitle "IM"]
[WhiteElo "2584"]
[BlackElo "2502"]
[WhiteFideId "4121341"]
[BlackFideId "911925"]
[EventDate "2013.02.23"]

1. d4 Nf6 2. c4 c5 3. d5 e6 4. Nc3 exd5 5. cxd5 d6 6. e4 g6 7. f4 Bg7 8. Nf3 O-O
9. Be2 Bg4 10. O-O Nbd7 11. a4 Re8 12. h3 Bxf3 13. Bxf3 a6 14. g4 h6 15. h4 c4
16. g5 hxg5 17. hxg5 Nh7 18. Be3 Nc5 19. Bxc5 dxc5 20. e5 Nxg5 21. Kg2 Bxe5 22.
fxe5 Rxe5 23. Bg4 f5 24. Bf3 Qd7 25. Re1 f4 26. Rh1 Re3 27. d6 Nxf3 28. Qd5+ Kg7
29. Kf2 Rae8 30. Qxc5 Qg4 31. Qc7+ R8e7 32. Qxe7+ Rxe7 33. dxe7 Qg3+ 34. Kf1
Nd2+ 35. Ke2 Qd3+ 36. Ke1 Nf3+ 37. Kf2 Qe3+ 38. Kg2 Nd2 39. Rhe1 Qg3+ 40. Kh1
Nf3 0-1

[Event "29th Open"]
[Site "Cappelle la Grande FRA"]
[Date "2013.02.24"]
[Round "2.10"]
[White "Jianu, Vlad-Cristian"]
[Black "Gurevich, Mikhail"]
[Result "1/2-1/2"]
[WhiteTitle "GM"]
[BlackTitle "GM"]
[WhiteElo "2500"]
[BlackElo "2581"]
[WhiteFideId "1208110"]
[BlackFideId "200930"]
[EventDate "2013.02.23"]

1. d4 d5 2. c4 c6 3. Nf3 Nf6 4. e3 e6 5. b3 Nbd7 6. Bb2 b6 7. Bd3 Bb7 8. O-O Bd6
9. Nbd2 O-O 10. Ne5 c5 11. cxd5 Bxd5 12. Ndc4 Be7 13. Rc1 Rc8 14. Qe2 cxd4 15.
Bxd4 Bc5 16. Bb2 Qe7 17. Nxd7 Nxd7 18. e4 Ba8 19. e5 Rfd8 20. Rcd1 Nf8 21. Nd6
Rc7 22. Bb1 Rcd7 23. Qg4 Ng6 24. Rd3 Qh4 25. Qxh4 Nxh4 26. Rh3 Ng6 27. Rd1 f6
28. Bxg6 hxg6 29. Rhd3 Be4 30. R3d2 Bb4 31. Rd4 Bc2 32. Rc1 Bxd6 33. Rxd6 Rxd6
34. exd6 Rxd6 35. f3 Rd2 36. Bc3 Re2 37. Re1 Rxe1+ 38. Bxe1 Bb1 39. a3 Bc2 40.
b4 e5 41. f4 exf4 42. h4 Kf7 43. Bd2 g5 44. hxg5 fxg5 45. g3 f3 46. Bxg5 b5 47.
Kf2 Be4 48. Be3 a6 49. Bb6 Ke6 50. Ba5 Kd5 51. Ke3 Kc4 52. Kf2 Kb3 53. Ke3 Kxa3
54. Kf2 Kb3 55. Ke3 Kc4 56. Kf2 g6 1/2-1/2

[Event "29th Open"]
[Site "Cappelle la Grande FRA"]
[Date "2013.02.24"]
[Round "2.11"]
[White "Danin, Alexandre"]
[Black "Lalic, Bogdan"]
[Result "1/2-1/2"]
[WhiteTitle "GM"]
[BlackTitle "GM"]
[WhiteElo "2578"]
[BlackElo "2478"]
[WhiteFideId "4144031"]
[BlackFideId "409081"]
[EventDate "2013.02.23"]

1. e4 c6 2. d4 d5 3. exd5 cxd5 4. c4 Nf6 5. Nc3 Nc6 6. Bg5 dxc4 7. Bxc4 h6 8.
Bf4 e6 9. Nf3 Bd6 10. Be5 O-O 11. O-O a6 12. Qe2 Be7 13. Rad1 Nd5 14. Nxd5 exd5
15. Bd3 Re8 16. Qd2 Be6 17. h3 Rc8 18. Bb1 Bf8 19. Qd3 g6 20. Qd2 Qa5 21. Qf4
Nxe5 22. dxe5 Qb4 23. Nd4 Qxb2 24. Nxe6 Rxe6 25. Rxd5 Qb4 1/2-1/2

[Event "29th Open"]
[Site "Cappelle la Grande FRA"]
[Date "2013.02.24"]
[Round "2.12"]
[White "Stella, Andrea"]
[Black "Burmakin, Vladimir"]
[Result "1/2-1/2"]
[WhiteTitle "IM"]
[BlackTitle "GM"]
[WhiteElo "2477"]
[BlackElo "2577"]
[WhiteFideId "827061"]
[BlackFideId "4105109"]
[EventDate "2013.02.23"]

1. Nf3 d5 2. c4 d4 3. b4 g6 4. g3 Bg7 5. d3 e5 6. Nbd2 Nh6 7. Bg2 O-O 8. a4 f5
9. O-O Re8 10. Nb3 Nf7 11. Nfd2 a6 12. Ba3 Nd7 13. b5 Ra7 14. Qc2 Bf8 15. Bxf8
Nxf8 16. Rab1 b6 17. bxa6 Rxa6 18. Ra1 Bd7 19. a5 Qf6 20. axb6 Rxa1 21. Rxa1
Qxb6 22. Qa2 Bc6 23. Qa7 1/2-1/2

[Event "29th Open"]
[Site "Cappelle la Grande FRA"]
[Date "2013.02.25"]
[Round "3.1"]
[White "Gharamian, Tigran"]
[Black "Petkov, Vladimir"]
[Result "1/2-1/2"]
[WhiteTitle "GM"]
[BlackTitle "GM"]
[WhiteElo "2661"]
[BlackElo "2559"]
[WhiteFideId "13301527"]
[BlackFideId "2901188"]
[EventDate "2013.02.23"]

1. e4 c5 2. Nf3 d6 3. d4 cxd4 4. Nxd4 Nf6 5. Nc3 a6 6. Be3 e5 7. Nf3 Be7 8. Bc4
O-O 9. O-O Nc6 10. Bg5 Be6 11. Bb3 Rc8 12. Bxf6 Bxf6 13. Nd5 Bg5 14. Qe2 Bh6 15.
Rad1 Na5 16. c3 Rc5 17. Bc2 Bxd5 18. Rxd5 Rxd5 19. exd5 Qc7 20. Bd3 1/2-1/2

[Event "29th Open"]
[Site "Cappelle la Grande FRA"]
[Date "2013.02.25"]
[Round "3.3"]
[White "Manolache, Marius"]
[Black "Timofeev, Artyom"]
[Result "1/2-1/2"]
[WhiteTitle "GM"]
[BlackTitle "GM"]
[WhiteElo "2533"]
[BlackElo "2613"]
[WhiteFideId "1201530"]
[BlackFideId "4140419"]
[EventDate "2013.02.23"]

1. d4 Nf6 2. c4 g6 3. Nf3 Bg7 4. Nc3 d5 5. e3 O-O 6. Qb3 e6 7. Bd2 b6 8. Be2
dxc4 9. Qxc4 Bb7 10. Rc1 Nbd7 11. O-O c5 12. Rfd1 Rc8 13. Qb3 Qc7 14. Qa3 Qb8
15. Be1 cxd4 16. Nxd4 Rfd8 17. b4 Ne5 18. h3 Bf8 19. Qb3 Nc6 20. Nxc6 Rxd1 21.
Nxd1 Bxc6 22. Qb2 Nd5 23. Ba6 Bb7 24. Rxc8 Qxc8 25. Bxb7 Qxb7 26. a3 b5 27. Qc2
Bg7 28. Bd2 a6 29. Qd3 Qc7 30. e4 Nb6 31. Bc3 Bxc3 32. Qxc3 Qf4 33. Ne3 Qxe4 34.
Ng4 Nd5 35. Nh6+ Kf8 36. Qh8+ Ke7 37. Qc8 Qe1+ 38. Kh2 Qxf2 39. Ng8+ Kd6 40.
Qxa6+ Qb6 41. Qc8 Qc7 42. Qe8 Qd7 43. Qf8+ Kc7 44. Nh6 f6 45. Nf7 Kb7 46. Nd6+
Ka7 47. Kh1 f5 48. Nc8+ Ka6 49. Nd6 Nb6 50. Qb8 Qc6 51. a4 Qc1+ 52. Kh2 Qf4+ 53.
Kh1 Qf1+ 54. Kh2 Qf4+ 55. Kh1 Qf1+ 56. Kh2 1/2-1/2

[Event "29th Open"]
[Site "Cappelle la Grande FRA"]
[Date "2013.02.25"]
[Round "3.4"]
[White "Kunin, Vitaly"]
[Black "Fedorov, Alexei"]
[Result "1/2-1/2"]
[WhiteTitle "GM"]
[BlackTitle "GM"]
[WhiteElo "2525"]
[BlackElo "2576"]
[WhiteFideId "4128737"]
[BlackFideId "13500465"]
[EventDate "2013.02.23"]

1. d4 Nf6 2. c4 g6 3. Nc3 Bg7 4. e4 d6 5. Be2 O-O 6. Bg5 a6 7. Nf3 Bg4 8. O-O
Nfd7 9. d5 c6 10. Rc1 Re8 11. Qd2 Bxf3 12. Bxf3 a5 13. Bg4 a4 14. f4 Nc5 15. e5
Qb6 16. Kh1 dxe5 17. fxe5 Bxe5 18. Rce1 Nbd7 19. Be3 Nf6 20. Bd1 Qa5 21. Bg1
Ncd7 22. dxc6 bxc6 23. a3 Rab8 24. Rf3 Rb7 25. Qc1 Nb6 26. c5 Nbd7 27. Re2 Bxc3 1/2-1/2